000 00854nam a2200253Ia 4500
003 OSt
005 20220923215545.0
006 a|||||r|||| 00| 0
007 ta
008 220922b |||||||| |||| 00| 0 hin d
024 _a179,784
037 _cTextual
040 _aARTS
_cARTS
_bhin
041 _2hin
_ahin
082 _aO152,1J32,11k, N3
100 _aश्रीवास्तव, मोहिनी
245 0 _aमानस वर्णनिक्रमणिका
246 _aMānas varṇanikramaṇikā
260 _aऋषिकेश
_b परमार्थ निकेतन
_c1993
300 _a372 पृ.
_ccm.
650 _aहिन्दी साहित्य
_9156264
942 _hO152,1J32,11k, N3
_cTEXL
_2CC
999 _c333165
_d333165